000 01334cam a22004334i 4500
003 PE-LiUPU
005 20250731172926.0
008 150623s1785 r 000 0 d
020 _a0801039312
035 _a(Sirsi) a203944
040 _aPE-LiUPU
_bspa
_cPE-LiUPU
_erda
049 _aPRUA
082 0 4 _a226
_bS83
_222
100 1 _aStrong, James,
_eautor.
245 1 4 _aThe new strong's concordance of the bible :
_ba popular edition of the exhaustive concordance /
_cJames Strong.
264 1 _aNew York :
_bThomas Nelson,
_c1785.
300 _a749 páginas ;
_c24 centímetros.
336 _atext
_2rdacontent
337 _aunmediated
_2rdamedia
338 _avolume
_2rdacarrier
505 0 _aConcordancia.
526 _aSEG42
526 _aSEG41
526 _aSEG40
526 _aSEG39
526 _aP94
526 _aP87
526 _aP86
526 _aP85
526 _aP77
526 _aP76
526 _aP35
630 _aConcordancia de la biblia
942 _2ddc
_cBOOK
994 _aC0
_bPEPRU
596 _a1
999 _a226 S83
_wLC
_c20322
_i75827
_d20322
_f2021-11-9
_g4
_lCCODEBUL1
_mBUL
_p5.00
_q2
_r0
_sY
_tBOOK
_u2017-5-9
_xTEOLOGIA
_PP85
_0COMPRA
_o.STAFF. Colección Teología
980 _81
_gALBERTO SANCHEZ Responsable de Automatización